Obsolete communism: the left-wing alternative
Saved in:
| Main Authors: | , |
|---|---|
| 格式: | 圖書 |
| 語言: | 英语 |
| 出版: |
Nueva York
McGraw-Hill
1968
|
| 叢編: | Political Science
|
| 主題: | |
| 標簽: |
添加標簽
沒有標簽, 成為第一個標記此記錄!
|
MARC
| LEADER | 00000nam a2200000 a 4500 | ||
|---|---|---|---|
| 001 | UCT8597 | ||
| 003 | CL-VaPUC | ||
| 008 | 970326e19680000US |||||||||||||||||eng|d | ||
| 082 | 0 | 4 | |a 320.532 |b COH |2 21 |
| 100 | |a Cohn-Bendit, Daniel |e author |9 493813 | ||
| 700 | 0 | |a Cohn-Bendit, Gabriel |e author |9 380408 | |
| 245 | 1 | 0 | |a Obsolete communism: the left-wing alternative |
| 300 | |a 255 p | ||
| 942 | |c BK | ||
| 945 | |d 19970326 00:00:00 |a paguirre | ||
| 260 | |a Nueva York |b McGraw-Hill |c 1968 | ||
| 650 | 0 | |a Comunismo |9 255588 | |
| 650 | 0 | |a Ideologías |9 255200 | |
| 650 | 7 | |a SISTEMAS POLITICOS |2 CL-VaPUC |9 380409 | |
| 650 | 7 | |a REVOLUCIONES POLITICAS |2 CL-VaPUC |9 380410 | |
| 650 | 0 | |a Burocracia |9 255511 | |
| 650 | 7 | |a ESTRUCTURAS CENTRALIZADAS |2 CL-VaPUC |9 380411 | |
| 650 | 0 | |a Partidos políticos |9 254999 | |
| 583 | |a last modification |c 19970326 00:00:00 |k Rodrigo Vera | ||
| 490 | 0 | |a Political Science | |
| 999 | |c 257086 |d 257084 | ||
| 952 | |0 0 |1 0 |4 0 |6 320_532000000000000_COH_1968 |7 0 |8 A |9 280329 |a BIBDER |b BIBDER |d 2019-11-19 |i 1813439 |o 320.532 COH 1968 |p 1813439 |r 2023-01-25 |w 2019-11-19 |y BK |k DER | ||